Fifteen Shades of White - Statistics

General Stats
  • This quiz has been taken 221 times
  • The average score is 12 of 15
Answer Stats
HEX Clue Shade % Correct
FFFFFF Opposite of black White
99%
F8F8FF Boo! Ghost
94%
E3DAC9 What skeletons are made of Bone
92%
FBFFFF Blackboard writing utensil Chalk
91%
FFFFF0 Elephant tusk Ivory
91%
FFFDD0 Comes in whipped and sour varities Cream
89%
FFFAFA Frozen precipitation Snow
88%
FFF5EE What she sells by the seashore Seashell
86%
F5F5F5 Thick cloud produced from fire Smoke
85%
EEEBD9 Gem produced by mollusks Pearl
81%
F0EAD6 Yolk protector Eggshell
70%
F7F7F7 The sea variant of sodium chloride Seasalt
69%
F7E7CE Smash this on the side of a ship for good luck Champagne
50%
FEFEFA Infant dust Baby Powder
48%
F1E9D2 Paper before paper was invented Parchment
35%
No matching quizzes found
Score Distribution
Percent of People with Each Score
Percentile by Number Answered
Your Score History
You have not taken this quiz